000 00356nam a2200121Ia 4500
005 20251222154324.0
008 251222s9999||||xx |||||||||||||| ||spa||
020 _a978-9972-57-148-0
082 _a321.8/C24
100 _a"Camacho, Luis AntonioSanborn, Cynthia A."
245 0 _aDesempeño del Estado y sostenibilidad democrética en el Perú
942 _cLIB
999 _c33901
_d33901